Normal view
MARC view
Entry Personal Name
001 - CONTROL NUMBER
- control field: 263698
003 - CONTROL NUMBER IDENTIFIER
- control field: OSt
005 - DATE AND TIME OF LATEST TRANSACTION
- control field: 20260508162432.0
008 - FIXED-LENGTH DATA ELEMENTS
- fixed length control field: 260508|| aca||aabn | a|a d
040 ## - CATALOGING SOURCE
- Original cataloging agency: OSt
- Transcribing agency: OSt
100 ## - HEADING--PERSONAL NAME
- Personal name: SIPRIYAN LOBO.
- Dates associated with a name: ಸಿಪ್ರಿಯನ್ ಲೋಬೊ
670 ## - SOURCE DATA FOUND
- Source citation: Work cat.: (OSt)96445: SIPRIYAN LOBO. ಸಿಪ್ರಿಯನ್ ಲೋಬೊ, Satvikateya jayabheri., 1979